tabela wszechczasów 1 ligi - Statystyki

Ogólne statystyki
  • Ten quiz został rozwiązany 54 razy
  • Średni wynik to 51 z 191
Statystyki odpowiedzi
liga klub % Poprawnych
4 liga Polonia/Stal Świdnica
82%
1 liga łks łódź
74%
1 liga Wisła Kraków
74%
1 liga Arka Gdynia
69%
ekstraklasa Lechia Gdańsk
69%
ekstraklasa widzew łódź
69%
1 liga Ruch Chorzów
67%
1 liga Stal Rzeszów
67%
1 liga warta poznań
67%
ekstraklasa GKS Katowice
64%
ekstraklasa Górnik Zabrze
64%
ekstraklasa lech poznań
64%
ekstraklasa Piast Gliwice
64%
ekstraklasa pogoń szczecin
64%
2 liga Polonia Bytom
64%
1 liga Wisła Płock
64%
ekstraklasa Cracovia
62%
ekstraklasa Jagiellonia Białystok
62%
1 liga Miedź Legnica
62%
ekstraklasa Śląsk Wrocław
62%
3 liga Zawisza Bydgoszcz
62%
4 liga Hutnik Kraków
59%
ekstraklasa korona kielce
59%
ekstraklasa motor lublin
59%
1 liga Odra Opole
59%
ekstraklas Raków Częstochowa
59%
2 liga Resovia
59%
ekstraklasa stal mielec
59%
ekstraklasa Zagłębie Lubin
56%
1 liga Chrobry Głogów
54%
3 liga stomil olsztyn
54%
1 liga Znicz Pruszków
54%
nieistnieje Amica Wronki
51%
1 liga GKS Tychy
51%
1 liga Kotwica Kołobrzeg
51%
1 liga pogoń siedlce
51%
1 liga Polonia Warszawa
51%
ekstraklasa Puszcza Niepołomice
51%
1 liga Zagłębie Sosnowiec
51%
1 liga Górnik Łęczna
49%
3 liga Górnik Polkowice
49%
3 liga GKS Bełchatów
46%
2 liga Podbeskidzie Bielsko-Biała
46%
ekstraklasa radomiak radom
46%
4 liga RKS Radomsko
46%
1 liga Stal Stalowa Wola
46%
3 liga Elana Toruń
44%
2 liga Olimpia Elbląg
44%
2 liga Skra Częstochowa
44%
5 liga Szombierki Bytom
44%
5 liga garbarnia kraków
41%
3 liga Lechia Zielona Góra
41%
4 liga Odra Wodzisław Śląski
41%
2 liga Olimpia Grudziądz
41%
3 liga sandecja nowy sącz
41%
4 liga Górnik Wałbrzych
38%
3 liga KSZO Ostrowiec Świętokrzyski
38%
nieistnieje gwardia warszawa
36%
3 liga Siarka Tarnobrzeg
36%
4 liga Wigry Suwałki
36%
1 liga Bruk-Bet Termalica Nieciecza
33%
5 liga Hetman Zamość
33%
3 liga Flota Świnoujście
33%
nieistnieje olimpia poznań
33%
4 liga Polonia Bydgoszcz
33%
3 liga Unia Tarnów
33%
3 liga Avia Świdnik
31%
2 liga Chojniczanka Chojnice
31%
2 liga GKS Jastrzębie
31%
5 liga górnik konin
31%
4 liga Gwardia Koszalin
31%
3 liga ŁKS Łomża
31%
5 liga Szczakowianka Jaworzno
31%
2 liga Wisła Puławy
31%
4 liga bałtyk gdynia
28%
nieistnieje Błękitni Kielce
28%
4 liga Bytovia Bytów
28%
a klasa Zagłębie Wałbrzych
28%
nieistnieje HEKO Czermno
28%
3 liga Stilon Gorzów Wielkopolski
28%
3 liga Świt Nowy Dwór Mazowiecki
28%
3 liga Broń Radom
26%
3 liga Wisłoka Dębica
26%
brak informacji Chemik Police
23%
3 liga Gryf Słupsk
23%
nieistnieje Gwardia Lublin
23%
4 liga Hutnik Warszawa
23%
nieistnieje Polonez Warszawa
23%
4 liga Rozwój Katowice
23%
4 liga Ursus Warszawa
23%
5 liga Arkonia Szczecin
21%
3 liga Błękitni Stargard
21%
4 liga ceramika opoczno
21%
4 liga Karpaty Krosno
21%
4 liga Lublinianka Lublin
21%
4 liga Piast Nowa Ruda
21%
nieistnieje Polar Wrocław
21%
5 liga Sokół Pniewy
21%
3 liga Star Starachowice
21%
b klasa Wawel Kraków
21%
5 liga Boruta Zgierz
18%
nieistnieje Calisia Kalisz
18%
4 liga Chemik Bydgoszcz
18%
4 liga Igloopol Dębica
18%
4 liga Jeziorak Iława
18%
5 liga Kolejarz Stróże
18%
3 liga MKS Kluczbork
18%
5 liga Polonia Przemyśl
18%
4 liga Stal Sanok
18%
5 liga Tur Turek
18%
5 liga Górnik Radlin
15%
a klasa Hetman Białystok
15%
3 liga Karkonosze Jelenia Góra
15%
nieistnieje Kujawiak Włocławek
15%
a klasa MKS Myszków
15%
nieistnieje moto jelcz oława
15%
nieistnieje Piotrcovia Piotrków Trybunalski
15%
5 liga Victoria Jaworzno
15%
5 liga Włókniarz Pabianice
15%
a klasa AKS Chorzów
13%
5 liga Czuwaj Przemyśl
13%
nieistnieje Dąb Katowice
13%
4 liga Urania Ruda Śląska
13%
4 liga Dozamet Nowa Sól
13%
3 liga Gedania Gdańsk
13%
a klasa Grunwald Ruda Śląska
13%
5 liga Okocimski Brzesko
13%
4 liga Polonia Leszno
13%
4 liga Slavia Ruda Śląska
13%
nieistnieje Start Łódź
13%
4 liga Victoria Częstochowa
13%
5 liga Bug Wyszków
10%
5 liga Chemik Kędzierzyn-Koźle
10%
b klasa Goplania Inowrocław
10%
a klasa Kryształ Stronie Śląskie
10%
3 liga Mławianka Mława
10%
5 liga Naprzód Rydułtowy
10%
5 liga Stal Gorzyce
10%
5 liga Stal Szczecin
10%
nieistineje Walter Rzeszów
10%
5 klasa Wawel Ruda Śląska
10%
a klasa Włocłavia Włocławek
10%
4 liga Ząbkovia Ząbki
10%
nieistnieje Baildon Katowice
8%
nieistnieje Concordia Piotrków Trybunalski
8%
nie istnieje Kmita Zabierzów
8%
5 liga KS Chełmek
8%
4 liga Lechia Dzierżoniów
8%
3 liga Lechia Tomaszów Mazowiecki
8%
nieistnieje Odra Wrocław
8%
4 liga Ostrovia Ostrów Wielkopolski
8%
3 liga Pelikan Łowicz
8%
4 liga Pomorzanin Toruń
8%
5 liga Start Namysłów
8%
5 liga Stoczniowiec Gdańsk
8%
a klasa Włókniarz Białystok
8%
a klasa Włókniarz Kietrz
8%
nieistnieje Włókniarz Łódź
8%
5 liga BKS Stal Bielsko-Biała
5%
5 klasa Concordia Knurów
5%
4 liga Dąb Dębno
5%
b klasa Górnik Pszów
5%
4 liga Górnik Wojkowice
5%
nieistnieje Gwardia Słupsk
5%
nieistnieje Lotnik Warszawa
5%
nieistnieje Lotnik Wrocław
5%
4 liga Małapanew Ozimek
5%
nieistnieje Metal Kluczbork
5%
4 liga MKS Piaseczno
5%
a klasa Pogoń Oleśnica
5%
a klasa PTC Pabianice
5%
4 liga Unia Janikowo
5%
nieistineje Zagłębie Dąbrowa Górnicza
5%
a klasa AKS Niwka Sosnowiec
3%
b klasa Bzura sochaczew
3%
nie istnieje Pafawag Wrocław
3%
4 liga ROW 1964 Rybnik
3%
5 liga Sparta Zabrze
3%
unia z innym klubem BKS Bydgoszcz
0%
nieistnieje Brda Bydgoszcz
0%
5 liga Celuloza Kostrzyn nad Odrą
0%
nieistnieje Zawisza Bydgoszcz S.A (nie chodzi o ekstraklasowicza)
0%
5 liga Drwęca Nowe Miasto Lubawskie
0%
5 liga KKS Warmia Olsztyn
0%
5 liga KP Unia Racibórz
0%
4 liga Łużyce Lubań Śląski
0%
b klasa Marymont Warszawa
0%
5 liga MKS Tarnovia
0%
a klasa Naprzód Świętochłowice
0%
4 liga Pomezania Malbork
0%
5 liga SKS Szczytno
0%
Nie znaleziono quizów pasujących do podanych kryteriów
Rozkład punktacji
Procent ludzi z każdym wynikiem
Percentyl według liczby udzielonych odpowiedzi
Twoja historia wyników
Nie rozwiązałeś tego quizu